000 00946nam0a22002531 4500
001 rc\799602
005 20041129090715.9
035 _a(NLR Aleph) 005983819
090 _a7056451
_c7056451
100 _a20041129d1983 u |0rusy50 ca
101 0 _arus
102 _aRU
105 _aa |||||||||
200 1 _aСтатистический анализ надежности авиадвигателей
_e[Учеб. пособие для вузов гражд. авиации]
210 _aРига
_cРКИИГА
_d1983
215 _a79 с.
_cил.
_d22
300 _aВ надзаг.: Риж. ин-т инженеров гражд. авиации им. Ленинского комсомола
320 _aБиблиогр.: с. 78 (11 назв.)
700 1 _aКузнецов
_bА. Я.
_gАнатолий Яковлевич
801 0 _aRU
_bNLR
_gpsbo
801 1 _aRU
_bELAR
_2rusmarc
852 _aNLR
_j84-6/3237
942 _cBOOK
980 _aNB